Countries That Use The Franc - Statistics

General Stats
  • This quiz has been taken 78 times
  • The average score is 20 of 22
Answer Stats
ISO Code Countries % Correct
CDF Democratic Republic of the Congo
99%
Republic of the Congo
99%
Niger
97%
XOF Benin
96%
Chad
96%
Côte d'Ivoire
96%
DJF Djibouti
96%
Mali
96%
CHF Switzerland
96%
Togo
96%
Burkina Faso
94%
RWF Rwanda
94%
Senegal
94%
XAF Cameroon
93%
Central African Republic
93%
GNF Guinea
93%
BIF Burundi
90%
Gabon
89%
Guinea-Bissau
81%
Liechtenstein
80%
Equatorial Guinea
77%
KMF Comoros
69%
No matching quizzes found
Score Distribution
Percent of People with Each Score
Percentile by Number Answered
Your Score History
You have not taken this quiz